Los cantares de gesta franceses

محفوظ في:
التفاصيل البيبلوغرافية
المؤلف الرئيسي: Riquer, Martin de
التنسيق: كتاب
اللغة:Undetermined
منشور في: Madrid, España Gredos 1952
الموضوعات:
الوسوم: إضافة وسم
لا توجد وسوم, كن أول من يضع وسما على هذه التسجيلة!

MARC

LEADER 00000nam a2200000Ia 4500
008 170316s9999 xx 000 0 und d
040 |a cru BVZT 
090 |a C-840 R-2c 
100 |a Riquer, Martin de 
245 |a Los cantares de gesta franceses 
260 |a Madrid, España 
260 |b Gredos 
260 |c 1952 
300 |a 409 páginas 
650 |a LITERATURA FRANCESA 
650 |a CRÍTICA 
999 |c 13018  |d 13018 
942 |c 15 D  |h C-840 R-2c  |2 z